Are You Smarter Than a College Student? IV Quiz Stats

 Plays Quiz Updated Nov 27, 2017

Challenge
Share
Tweet
Embed
Score 0/30 Timer 07:00
11 Plays Today
Question Answer % Correct
EasyThe Beatles
97.9%
EasyBatman
97.6%
EasyJuliet
96.1%
EasyLas Vegas
94.3%
EasyAfrica
93.4%
EasyMercury
92.3%
EasyCanada
91.8%
EasyLEGO
91%
EasyTitanic
85.8%
EasyNew York Stock Exchange
82.4%
MediumPortuguese
80.8%
Mediumthroat
80.3%
MediumColorado or Wyoming
76.4%
Mediumbees
75.3%
MediumCall of Duty
73.3%
Question Answer % Correct
Medium(Wolfgang Amadeus) Mozart
70%
Medium500
69.1%
MediumRebecca Black
68%
MediumHalloween
65.4%
MediumBoardwalk
62.7%
HardThe Thinker
61.1%
HardCanberra
56.6%
HardSpain
56%
HardNations
53.7%
HardErnest Hemingway
53%
HardTheresa May
46.8%
HardLibya
39.9%
HardWilliam the Conqueror
39.1%
HardWashington, DC
35%
HardCzechia
27.2%

You're not logged in!

Compare scores with friends on all Sporcle quizzes.
Join for Free
OR
Log In

Show Comments

Extras

Top Quizzes Today


Score Distribution

Your Account Isn't Verified!

In order to create a playlist on Sporcle, you need to verify the email address you used during registration. Go to your Sporcle Settings to finish the process.

Report this User

Report this user for behavior that violates our Community Guidelines.

Details: